Muharram Aur Us Ke Bidaat. (Record no. 5885)
[ view plain ]
| 000 -LEADER | |
|---|---|
| fixed length control field | 00591nam a2200241 a 4500 |
| 020 ## - INTERNATIONAL STANDARD BOOK NUMBER | |
| ISBN | |
| 082 00 - DEWEY DECIMAL CLASSIFICATION NUMBER | |
| Classification number | 297.82 |
| Author Cutter | SID |
| 100 ## - MAIN ENTRY--AUTHOR NAME | |
| Author name | Siddiqi, Mohammad Ishaq |
| 245 ## - TITLE STATEMENT | |
| Title | Muharram Aur Us Ke Bidaat. |
| 260 ## - PUBLICATION, DISTRIBUTION, ETC. (IMPRINT) | |
| Place of publication | Lucknow |
| Name of publisher | Nadwatul Ulema |
| Year of publication | 1964 |
| 300 ## - PHYSICAL DESCRIPTION | |
| Number of Pages | 48p. |
| 500 ## - GENERAL NOTE | |
| General note | includes index and biblioraphy |
| 505 2# - FORMATTED CONTENTS NOTE | |
| Formatted contents note | Appendix |
| 650 ## - SUBJECT ADDED ENTRY--TOPICAL TERM | |
| Topical Term | Muharram-Lucknow |
| 942 ## - ADDED ENTRY ELEMENTS (KOHA) | |
| Koha item type | Books |
| 700 1# - | |
| -- | Siddiqi, Mohammad Ishaq |
| Collection code | Home library | Current library | Date acquired | Cost, normal purchase price | Full call number | Accession Number | Koha item type |
|---|---|---|---|---|---|---|---|
| Henry Martyn Institute Library | Henry Martyn Institute Library | 09/11/2007 | 0.62 | 297.82 SID | 05627 | Books |
